| 000 | 00722nam a2200229 i 4500 | ||
|---|---|---|---|
| 001 | 86704 | ||
| 003 | ES-MaACL | ||
| 005 | 20250805063247.0 | ||
| 007 | t| | ||
| 008 | 041215s1968 sp |||| | spa d | ||
| 080 | _a308(73)"1945/1989" | ||
| 100 | 1 |
_aKing, Martin Luther, _d1929-1968 _968063 |
|
| 245 | 1 | 3 |
_aEl clarín de la conciencia / _cMartin Luther King ; [traducción de Ramón Moix]. |
| 260 |
_aBarcelona : _bAymá, _c[1968] |
||
| 300 |
_a113 p. ; _c20 cm. |
||
| 490 | 1 | _aDe todo el mundo | |
| 651 | 4 |
_aEstados Unidos- _xSituación social- _y1945-1989. _9156726 |
|
| 700 | 1 |
_aMoix, Terenci. _981822 |
|
| 830 | 1 |
_aDe todo el mundo _9184008 |
|
| 852 |
_aES-MaACL _jC-35258 |
||
| 999 |
_c86704 _d86704 |
||